Bankovnictví odborný časopis

Na minha lista:
Detalhes bibliográficos
Formato: Periódico
Idioma:tcheco
Publicado em: Praha Česká národní banka 1998
Assuntos:
Tags: Adicionar Tag
Sem tags, seja o primeiro a adicionar uma tag!

MARC

LEADER 00000nas2a2200000 4500
001 s122142
005 20221221065630.4
041 0 |a cze 
044 |a CZ 
245 1 0 |a Bankovnictví  |b odborný časopis 
264 1 |a Praha  |b Česká národní banka  |c 1998 
300 |a 2 zv. 
773 0 |w eu_un_cat*s120004 
610 2 0 |a banky 
610 2 0 |a bankovníctvo 
610 2 0 |a politika finančná